00996nab a22002177a 4500003000400000005001700004008004100021040000700062100002700069245011200096300001300208500003100221505012700252505009400379650005200473650002300525650002100548650003000569650002900599773015000628OSt20260101184933.0190514b xxu||||| |||| 00| 0 spa d cPJ aMenossi, María Paula13aLa discapacidad como cuestión de derechos humanos. Hacia una igualdad inclusiva /cMaría Paula Menossi. ap. 27-34 aTR LALEY AR/DOC/3259/2024. aSumario: I. Palabras introductorias.— II. Plataforma fáctica.— III. Análisis del fallo.— IV. Palabras finales.  aFallo comentado: CNCiv., sala K ~ 08/07/2024 ~ N., V. s/ determinación de la capacidad. 0aDERECHOS DE LAS NIÑAS, NIÑOS Y ADOLESCENTES 0aDERECHO DE FAMILIA 0aDERECHOS HUMANOS 0aPERSONAS CON DISCAPACIDAD 0aJURISPRUDENCIA APLICABLE0 02844dBuenos Aires : AbeledoPerrot, 1989-tDerecho de familia. Revista Interdisciplinaria de doctrina y jurisprudencia. Febrero 2025-I.z18511201